[Event "AUTO-INT-3962"]
[Site "http://www.queenalice.com/game.php?id=1870262"]
[Date "2026.3.9"]
[Round "1"]
[White "Ruusgugg"]
[Black "TammieM3ENF"]
[Result "1-0"]
[WhiteElo "1442"]
[BlackElo "1302"]

1. b4 b5 2. a4 bxa4 3. c3 a3 4. Rxa3 a6 5. b5 axb5 6. Rxa8 Nc6 7. f4 e6 8. e4 f5
9. e5 d6 10. Bxb5 dxe5 11. Bxc6+ Bd7 12. Rxd8+ Kxd8 13. Bb7 exf4 14. Bb2 e5 15.
Qh5 g6 16. Qh4+ g5 17. Qxg5+ Be7 18. Qg7 c5 19. Qxh8 Kc7 20. Bd5 e4 21. Qxg8 Kd6
22. Bc4 e3 23. Qd5+ Kc7 24. Qf7 f3 25. Qxe7 f2+ 26. Kf1 f4 27. Qxc5+ Bc6 28.
Qe5+ Kd7 29. Qxf4 e2+ 30. Nxe2 h5 31. Qf5+ Kd6 32. Qxh5 Kc7 33. d4 Bd7 34. d5
Kd8 35. d6 Bc8 36. Qd5 Bd7 37. h4 Ke8 38. h5 Kf8 39. Qf7# 1-0

[Event "AUTO-INT-3962"]
[Site "http://www.queenalice.com/game.php?id=1870263"]
[Date "2026.3.9"]
[Round "1"]
[White "TammieM3ENF"]
[Black "Ruusgugg"]
[Result "0-1"]
[WhiteElo "1325"]
[BlackElo "1407"]

1. d4 b5 2. b4 a5 3. bxa5 Rxa5 4. c4 bxc4 5. a4 Rd5 6. e3 Ba6 7. f3 Nc6 8. e4
Rxd4 9. f4 Rxd1+ 10. Kxd1 Nd4 11. e5 Nb3 12. Ra3 Nxc1 13. Kxc1 e6 14. a5 d6 15.
f5 dxe5 16. fxe6 Qg5+ 17. Kb2 Bxa3+ 18. Kxa3 Qc1+ 19. Kb4 Qxf1 20. Nc3 Qxg2 21.
Nge2 Qxh1 22. Kc5 fxe6 23. h4 Qxh4 24. Kc6 Kd8 25. Nc1 Qh1+ 26. Kc5 Qxc1 27. Nb5
c3 28. Kc6 Bxb5+ 29. Kxb5 c2 30. a6 Qb1+ 31. Ka5 c1=Q 32. a7 Qa3# 0-1

[Event "AUTO-INT-3963"]
[Site "http://www.queenalice.com/game.php?id=1870712"]
[Date "2026.3.19"]
[Round "1"]
[White "SGF"]
[Black "Ruusgugg"]
[Result "1-0"]
[WhiteElo "1689"]
[BlackElo "1447"]

1. e4 g5 2. Qg4 e6 3. d3 f6 4. Qh5+ Ke7 5. Nf3 d6 6. Nxg5 fxg5 7. Bxg5+ Nf6 8.
f4 e5 9. fxe5 dxe5 10. Bxf6+ Kd7 11. Bxd8 Kxd8 12. Qxe5 Rg8 13. Qf6+ Be7 14. Qf7
Rf8 15. Qxh7 Bb4+ 16. c3 Bc5 17. Nd2 Bf2+ 18. Ke2 Nc6 19. Qg7 Bc5 20. d4 Bb6 21.
Qxf8+ 1-0

[Event "AUTO-INT-3963"]
[Site "http://www.queenalice.com/game.php?id=1870713"]
[Date "2026.3.19"]
[Round "1"]
[White "Ruusgugg"]
[Black "SGF"]
[Result "0-1"]
[WhiteElo "1441"]
[BlackElo "1695"]

1. e4 e5 2. c3 Qf6 3. Qg4 h5 4. Qg3 d6 5. d4 exd4 6. Bg5 Qe6 7. Qd3 dxc3 8. Nxc3
c6 9. O-O-O f6 10. Be3 g5 11. f4 gxf4 12. Bxf4 Bh6 13. Bxh6 Nxh6 14. g3 Ng4 15.
Rd2 Na6 16. h3 Ne5 17. Qe2 b5 18. Nf3 b4 19. Nd1 Qxa2 20. Nd4 Nc5 21. Nc3 bxc3
22. Rc2 Qa1# 0-1

[Event "AUTO-INT-3963"]
[Site "http://www.queenalice.com/game.php?id=1870726"]
[Date "2026.3.19"]
[Round "1"]
[White "Ruusgugg"]
[Black "renet54"]
[Result "0-1"]
[WhiteElo "1423"]
[BlackElo "1597"]

1. e4 e5 2. g4 Bc5 3. Qf3 Nf6 4. g5 Ng8 5. Bc4 Qxg5 6. Qxf7+ Kd8 7. Qd5 Qf4 8.
Nh3 Qf3 9. Rf1 Qxh3 10. Qxc5 Nf6 11. Qxe5 Nc6 12. Qg5 d5 13. Qxg7 Re8 14. Qxf6+
Ne7 15. Bxd5 Bg4 16. Bxb7 Qf3 17. Qd4+ Bd7 18. Bxa8 Nf5 19. Qf6+ Re7 20. Qh8+
Re8 21. Qxh7 Nd4 22. Qh4+ Kc8 23. d3 Qe2# 0-1

[Event "AUTO-INT-3963"]
[Site "http://www.queenalice.com/game.php?id=1870727"]
[Date "2026.3.19"]
[Round "1"]
[White "renet54"]
[Black "Ruusgugg"]
[Result "0-1"]
[WhiteElo "1582"]
[BlackElo "1420"]

1. d4 e6 2. Nf3 f6 3. Bf4 g5 4. Bg3 f5 5. e3 d6 6. Bd3 g4 7. Nfd2 c5 8. O-O Qb6
9. Nc4 Qc6 10. Nc3 b5 11. Nd2 Bb7 12. d5 exd5 13. Bxf5 d4 14. Be4 Qc7 15. Nxb5
Qe7 16. Bxd6 Qd7 17. Nc7+ Kd8 18. Bxb7 Bxd6 19. Bxa8 Qxc7 20. g3 Nc6 21. Bxc6
Qxc6 22. Qxg4 Nf6 23. Qg7 Rf8 24. Nc4 Be7 25. Ne5 Qd6 26. Nc4 Qd5 27. b3 Qh5 28.
h4 Rg8 29. g4 Qxh4 30. Qf7 Qxg4+ 31. Kh1 Qg2# 0-1

[Event "AUTO-INT-3963"]
[Site "http://www.queenalice.com/game.php?id=1870728"]
[Date "2026.3.19"]
[Round "1"]
[White "Ruusgugg"]
[Black "EduardoRo"]
[Result "0-1"]
[WhiteElo "1414"]
[BlackElo "1629"]

1. e4 e5 2. Qf3 Nf6 3. g4 d6 4. g5 Nfd7 5. Bc4 Qe7 6. h4 Nc6 7. Qh5 g6 8. Qf3
Nb6 9. Bd3 Nd4 10. Qd1 Be6 11. c3 Nc6 12. b4 O-O-O 13. b5 Na5 14. Nf3 Kb8 15. h5
Nbc4 16. hxg6 fxg6 17. Na3 Bg4 18. Nxc4 Nxc4 19. Bxc4 Bg7 20. Rh4 Bxf3 21. Qxf3
Qxg5 22. a4 Qxh4 23. a5 Rhf8 24. Qg2 Rf4 25. d4 exd4 26. Bxf4 Qxf4 27. b6 dxc3
28. bxa7+ Ka8 29. f3 c2 30. Qg4 Qe3+ 31. Kf1 c1=Q+ 32. Rxc1 Qxc1+ 33. Kg2 Qxc4
0-1

[Event "AUTO-INT-3963"]
[Site "http://www.queenalice.com/game.php?id=1870729"]
[Date "2026.3.19"]
[Round "1"]
[White "EduardoRo"]
[Black "Ruusgugg"]
[Result "1-0"]
[WhiteElo "1540"]
[BlackElo "1435"]

1. e4 g5 2. d4 e6 3. Nf3 f6 4. Bb5 g4 5. Nfd2 h5 6. b3 c6 7. Bd3 d5 8. Nc3 Qa5
9. O-O dxe4 10. Ndxe4 f5 11. Ng5 Qxc3 12. Bf4 Qxd4 13. g3 h4 14. Be3 Qf6 15. c4
hxg3 16. fxg3 Qh6 17. Qd2 Bg7 18. Nf3 Nf6 19. Bxh6 Bxh6 20. Qc3 Rf8 21. Rfe1 Ng8
22. Ne5 Nd7 23. Nxd7 Bxd7 24. Re5 Rd8 25. Rae1 Rf6 26. Bxf5 Rxf5 27. Rxf5 Bc8
28. Qh8 1-0

[Event "AUTO-INT-3964"]
[Site "http://www.queenalice.com/game.php?id=1871075"]
[Date "2026.3.27"]
[Round "1"]
[White "jenyasm"]
[Black "Ruusgugg"]
[Result "0-1"]
[WhiteElo "1686"]
[BlackElo "1473"]

1. e4 g5 2. d3 e5 3. Nf3 g4 4. Nxe5 h5 5. Nc3 d6 6. Nc4 Nc6 7. a3 Rh7 8. Bf4 a6
9. Qd2 Nd4 10. Be3 c5 11. Bxd4 cxd4 12. Ne2 b5 13. Na5 Qd7 14. Nxd4 Rh6 15. Nf5
Re6 16. h3 Bh6 17. Nxh6 Nxh6 18. hxg4 Nxg4 19. Rxh5 d5 20. Rxd5 Rd6 21. Rxd6
Qxd6 22. O-O-O Be6 23. f3 Nh2 24. Qc3 Rc8 25. Qh8+ Kd7 26. Qh5 Qc7 27. c3 Nxf1
28. Rxf1 Qxa5 29. d4 Bc4 30. Rg1 Qa4 31. Re1 Bd3 32. Qxf7+ Kc6 33. d5+ Kc5 34.
Qe7+ Kb6 35. Qd6+ Ka5 36. Qb4+ Qxb4 37. axb4+ Ka4 38. g3 Rh8 39. f4 Rh2 40. e5
Rc2+ 41. Kb1 Rg2+ 42. Ka1 Rxg3 43. e6 Bg6 44. d6 Rd3 45. d7 Kb3 46. e7 Rxd7 47.
e8=Q Bxe8 48. Rxe8 Rd1# 0-1

[Event "AUTO-INT-3964"]
[Site "http://www.queenalice.com/game.php?id=1871076"]
[Date "2026.3.27"]
[Round "1"]
[White "Ruusgugg"]
[Black "jenyasm"]
[Result "1-0"]
[WhiteElo "1469"]
[BlackElo "1694"]

1. f4 d6 2. e4 e6 3. d3 Nd7 4. Qg4 Ngf6 5. Qg3 b6 6. e5 dxe5 7. Nh3 h6 8. fxe5
Nd5 9. c4 Ne7 10. a4 Nc5 11. Ra3 Nc6 12. Qg4 Nxe5 13. Qg3 Ng6 14. b4 Nd7 15. b5
Bxa3 16. Bxa3 Nc5 17. Nc3 Qd4 18. Ne2 Qxd3 19. Qxd3 Nxd3+ 20. Kd1 Ngf4 21. Nexf4
Nxf4 22. Nxf4 Bb7 23. Bd3 c5 24. Rg1 O-O 25. Nh5 Rad8 26. Kd2 Be4 27. Nf4 e5 28.
Nd5 Bxd5 29. cxd5 Rxd5 30. Bb2 e4 31. Re1 exd3 32. Re7 Ra8 33. h4 Rd4 34. Bxd4
cxd4 35. Kxd3 f6 36. g4 Kf8 37. Rd7 Ke8 38. Rxg7 a6 39. Rg8+ 1-0

[Event "AUTO-INT-3964"]
[Site "http://www.queenalice.com/game.php?id=1871082"]
[Date "2026.3.27"]
[Round "1"]
[White "Ruusgugg"]
[Black "bdpq"]
[Result "1-0"]
[WhiteElo "1447"]
[BlackElo "1699"]

1. f4 e6 2. Nc3 Bb4 3. a3 Bxc3 4. dxc3 d5 5. a4 Nf6 6. h3 O-O 7. b3 Nc6 8. b4 b6
9. e3 Bb7 10. g4 Ne4 11. Qd3 a5 12. b5 Ne7 13. h4 Ra7 14. g5 Nf5 15. c4 d4 16.
h5 Nxg5 17. fxg5 Bxh1 18. e4 Ne7 19. Nh3 f6 20. Ra2 Nc8 21. c3 fxg5 22. Rh2 g4
23. Rxh1 Qh4+ 24. Kd1 gxh3 25. Rxh3 Qg4+ 26. Be2 Qg2 27. Rg3 Qh1+ 28. Kc2 e5 29.
Bf3 Qh4 30. c5 bxc5 31. Rg5 Qh3 32. Qc4+ Kh8 33. Be2 Nb6 34. Qa2 Qxc3+ 35. Kd1
h6 36. Rxe5 Rf2 37. Re8+ Kh7 38. Qg8# 1-0

[Event "AUTO-INT-3965"]
[Site "http://www.queenalice.com/game.php?id=1871590"]
[Date "2026.4.7"]
[Round "1"]
[White "Ruusgugg"]
[Black "ajr"]
[Result "0-1"]
[WhiteElo "1481"]
[BlackElo "1657"]

1. c4 e5 2. d4 Bb4+ 3. Bd2 Bxd2+ 4. Qxd2 d5 5. c5 e4 6. Qf4 Nc6 7. Qg3 g6 8. b4
Nxb4 9. Qc3 a5 10. f3 f5 11. fxe4 fxe4 12. Qg3 Nc2+ 13. Kd1 Nxd4 14. Qe5+ Be6
15. Qxd4 Nf6 16. Nc3 c6 17. Nh3 Bxh3 18. gxh3 O-O 19. Na4 Nd7 20. e3 Qf6 21. Qd2
Qxa1+ 22. Ke2 Qf6 23. Bg2 Qf2+ 24. Kd1 Qxd2+ 25. Kxd2 Rf2+ 0-1

[Event "AUTO-INT-3965"]
[Site "http://www.queenalice.com/game.php?id=1871603"]
[Date "2026.4.7"]
[Round "1"]
[White "renet54"]
[Black "Ruusgugg"]
[Result "1-0"]
[WhiteElo "1546"]
[BlackElo "1472"]

1. d4 f5 2. Nf3 e6 3. Bf4 h6 4. e3 g5 5. Be5 Rh7 6. Bd3 g4 7. Nbd2 gxf3 8. Qxf3
d6 9. Bf4 Nf6 10. O-O h5 11. Rae1 h4 12. Bg5 c5 13. e4 Bh6 14. Bxh6 Rxh6 15.
exf5 cxd4 16. fxe6 Qb6 17. Nc4 Qa6 18. Ne5 Qxa2 19. Ng4 Nxg4 20. Qf7+ Kd8 21.
e7+ Kc7 22. e8=Q+ 1-0

[Event "AUTO-INT-3965"]
[Site "http://www.queenalice.com/game.php?id=1871604"]
[Date "2026.4.7"]
[Round "1"]
[White "Ruusgugg"]
[Black "renet54"]
[Result "0-1"]
[WhiteElo "1459"]
[BlackElo "1555"]

1. c4 c5 2. d4 cxd4 3. Qxd4 Nc6 4. Qf4 e5 5. Qe4 Nf6 6. Qc2 Bb4+ 7. Bd2 Bc5 8.
a3 d6 9. f4 exf4 10. Bxf4 O-O 11. b4 Bd4 12. Nc3 Re8 13. b5 Ne5 14. e3 Nxc4 15.
O-O-O Bxe3+ 16. Bxe3 Nxe3 17. Qf2 Qa5 18. Rd3 Qxa3+ 19. Kb1 Bf5 20. Ne4 Qb4+ 21.
Kc1 Qxe4 22. Rxe3 Qb1+ 23. Kd2 Qc2+ 24. Ke1 Rxe3+ 25. Qxe3 Re8 0-1

[Event "AUTO-INT-3965"]
[Site "http://www.queenalice.com/game.php?id=1871613"]
[Date "2026.4.7"]
[Round "1"]
[White "Ruusgugg"]
[Black "EduardoRo"]
[Result "0-1"]
[WhiteElo "1490"]
[BlackElo "1624"]

1. c4 e5 2. d4 exd4 3. Qxd4 Nf6 4. h3 Nc6 5. Qe3+ Be7 6. g4 O-O 7. g5 Nh5 8. h4
Bb4+ 9. Nc3 d6 10. a3 Bxc3+ 11. Qxc3 Qe7 12. Bd2 Bf5 13. b4 Rad8 14. Qf3 g6 15.
b5 Nd4 16. Qxb7 Nc2+ 17. Kd1 Nxa1 18. Qxa7 Nb3 19. Bc3 Qe4 20. Ke1 Qb1# 0-1

[Event "AUTO-INT-3965"]
[Site "http://www.queenalice.com/game.php?id=1871614"]
[Date "2026.4.7"]
[Round "1"]
[White "EduardoRo"]
[Black "Ruusgugg"]
[Result "1-0"]
[WhiteElo "1635"]
[BlackElo "1479"]

1. e4 c5 2. Nf3 h5 3. Bc4 e6 4. O-O g5 5. d4 g4 6. Ne5 Qf6 7. Be3 b6 8. Nc3 cxd4
9. Bxd4 Bd6 10. Nb5 Bc5 11. Nc7+ Kd8 12. Nxa8 Bxd4 13. Qxd4 Bb7 14. Qd6 Ne7 15.
Qxb8+ Bc8 16. Qc7+ Ke8 17. Qd6 Bb7 18. Nc7+ Kf8 19. f3 Qf4 20. Nxd7+ Kg8 21.
Qxf4 1-0

[Event "Let's Play 906"]
[Site "http://www.queenalice.com/game.php?id=1871773"]
[Date "2026.4.12"]
[Round "-"]
[White "Ruusgugg"]
[Black "digger"]
[Result "1-0"]
[WhiteElo "1498"]
[BlackElo "1601"]

1. f4 d5 2. Nf3 Nc6 3. h3 e6 4. g4 g6 5. h4 Bd6 6. e3 h5 7. g5 Nge7 8. c4 O-O 9.
cxd5 Nxd5 10. b3 Qe7 11. e4 Nxf4 12. Qc2 Ne5 13. Rh2 Nxf3+ 14. Kd1 Nxh2 15. Bc4
Be5 16. Nc3 Nf3 17. a4 Nd4 18. Qb2 Nc6 19. Nb5 Bxb2 20. Bxb2 Ng2 21. Ra3 Qc5 22.
Nxc7 1-0

[Event "Escacs 258"]
[Site "http://www.queenalice.com/game.php?id=1871882"]
[Date "2026.4.14"]
[Round "-"]
[White "alterego"]
[Black "Ruusgugg"]
[Result "1-0"]
[WhiteElo "1672"]
[BlackElo "1501"]

1. d4 f5 2. c4 d5 3. c5 b6 4. g3 bxc5 5. Nf3 c4 6. Nc3 h6 7. Bg2 e6 8. Ne5 Qf6
9. O-O h5 10. Qa4+ Nd7 11. Nxd7 Bxd7 12. Qa5 Qxd4 13. Qxc7 h4 14. Be3 Qf6 15.
Bf3 hxg3 16. fxg3 a5 17. Rad1 Rc8 18. Qxa5 g5 19. Bd4 Qh6 20. Bxh8 Qxh8 21. Nxd5
Rc5 22. Nc7+ Kf7 23. Rxd7+ Kf6 24. Qc3+ Re5 25. Ne8+ Kg6 26. Qxc4 g4 27. Bc6 Ne7
28. Bb7 f4 29. Rxf4 Rh5 30. Rxg4+ Kf7 31. Nd6+ Kf6 32. Qf4+ Rf5 33. Qd4+ e5 34.
Ne4+ Kf7 35. Bd5+ Ke8 36. Qa7 Nxd5 37. Rxd5 Rh5 38. Qd7# 1-0

[Event "Escacs 259"]
[Site "http://www.queenalice.com/game.php?id=1871883"]
[Date "2026.4.14"]
[Round "-"]
[White "Ruusgugg"]
[Black "alterego"]
[Result "0-1"]
[WhiteElo "1494"]
[BlackElo "1560"]

1. f4 g6 2. e4 e6 3. h4 Ne7 4. h5 Bg7 5. h6 Bd4 6. Nf3 Bb6 7. b4 O-O 8. Bb2 f6
9. a4 a6 10. d4 Nbc6 11. Ba3 d5 12. e5 fxe5 13. g3 exf4 14. gxf4 Rxf4 15. Ng5
Bxd4 16. Ra2 Nf5 17. Qe2 Qxg5 18. c3 Re4 19. Qxe4 dxe4 20. cxd4 Ncxd4 21. Rd2
Nf3+ 22. Kd1 Nxd2 0-1

[Event "AUTO-INT-3966"]
[Site "http://www.queenalice.com/game.php?id=1872069"]
[Date "2026.4.16"]
[Round "1"]
[White "Ruusgugg"]
[Black "jenyasm"]
[Result "0-1"]
[WhiteElo "1492"]
[BlackElo "1671"]

1. e4 e5 2. Bc4 Nc6 3. c3 d6 4. Bb3 Nf6 5. Qc2 Qe7 6. Ba4 a6 7. Ne2 b5 8. Bb3
Bb7 9. d3 Na5 10. Bd5 Nxd5 11. f4 exf4 12. b4 Nxc3 13. Nexc3 Nc6 14. Nd5 Qd7 15.
Nxf4 Nxb4 16. Qf2 Be7 17. Qe3 O-O 18. Nh5 Qg4 19. Ng3 Bg5 20. Qd4 Nc2+ 21. Kf2
Nxd4 22. h3 Qh4 23. Bxg5 Qxg5 24. h4 Qf4+ 0-1